000 00843nam a22002417a 4500
005 20180419114638.0
008 100405t xxu||||| |||| 00| 0 eng d
010 _aENG-95959
020 _a9788131726679
_c625.00
035 _aEN-79492
037 _bDBAD/VEN
040 _aDPL
082 _a344.5401
245 _aA social charter for India:
_bCitizens' perspective of basic rights/
_cedited by Muchkund Dubey and M. K. Jabbi
260 _aNew Delhi
_bDorling Kindersley (India) Pvt. Ltd. licensees of Pearson Education
_c2010
270 _a14 shopping centre, panchsheel park
_bNew Delhi
_e110017
300 _axii, 270p. ;
_c24 cm. (Hb)
500 _ainclude index
700 _aDubey, Muchkund
700 _aJabbi, M. K.
942 _2ddc
_cEN
_mDUB
_h344.5401
999 _c35076
_d35076